| 000 | 00426nam a2200169 4500 | ||
|---|---|---|---|
| 003 | LK-CoMWRAF | ||
| 005 | 20230902091104.0 | ||
| 008 | 230902b1996 |||||||| |||| 00| 0 eng d | ||
| 040 |
_aLK-CoMWRAF _dLK-CoMWRAF _eLK-CoMWRAF |
||
| 041 | _aeng | ||
| 082 |
_a823 _bHAN |
||
| 100 | _aHaniffa, S. M. | ||
| 245 | _aMoney power | ||
| 260 |
_aRajagiriya : _bThamil manram, _c1996 |
||
| 650 | _aEnglish Fiction-Sri Lanka | ||
| 942 | _cBK | ||
| 999 |
_c3367 _d3367 |
||